000 00516nam a22001817a 4500
008 150518b xxu||||| |||| 00| 0 eng d
020 _a9780073376844
041 0 _aeng
080 _a658
100 _aBaltzan, Paige.
245 1 0 _aBusiness driven technology /
250 _a5th ed.
260 _aNew York :
_bMcGraw-Hill/Irwin,
_cc2013.
300 _a498, [69] f. :
_bMe il. :
_c29 cm.
650 0 _aTeknologjia e Informacionit
_xManagement.
650 0 _aMenagjimi i sistemeve të informacionit
942 _2udc
_cBK
999 _c802
_d802